| 000 | 00741nam a2200181 a 4500 | ||
|---|---|---|---|
| 008 | 120416s1978 ||||||||||||||||| || u | ||
| 050 | _aGF 75 Arv | ||
| 100 | _aArvill, Robert | ||
| 245 | 1 | 0 | _aMan and environment: crisis and the strategy of choice |
| 250 | _a4th ed. | ||
| 260 |
_aHarmondsworth _bPenguin _c1978 |
||
| 300 | _a423p. : ill. | ||
| 350 | _a0.00 | ||
| 650 | _aHUMAN BEINGS--EFFECTS OF ENVIRONMENT ON | ||
| 650 | _aENVIRONMENT | ||
| 995 |
_aBINDERY (DAMAGED) _D0.00 _e704055 _FCBU-MAIN LIBRARY (Kitwe) _H2 _I0.00 _jGF 75 Arv _M2 _UDAMAGED _y002249 _ZMain Library Open Access Collection |
||
| 995 |
_aBINDERY (DAMAGED) _D0.00 _e704056 _FCBU-MAIN LIBRARY (Kitwe) _H1 _I0.00 _jGF 75 Arv _M1 _UDAMAGED _y002248 _ZMain Library Open Access Collection |
||
| 999 |
_c82357 _d82357 |
||